Lo que debes saber de la estimulacion temprana (Registro nro. 10579)

Detalles MARC
000 - LÍDER
campo de control de longitud fija 00968 a2200253 4500
003 - IDENTIFICADOR DE NÚMERO DE CONTROL
campo de control OSt
005 - FECHA Y HORA DE LA ÚLTIMA TRANSACCIÓN
campo de control 20210818181444.0
008 - ELEMENTOS DE DATOS DE LONGITUD FIJA - INFORMACIÓN GENERAL
campo de control de longitud fija 160920b xxu||||| |||| 00| 0 eng d
020 ## - INTERNATIONAL STANDARD BOOK NUMBER
International Standard Book Number 9580494053
040 ## - FUENTE DE CATALOGACIÓN
Lenguaje de catalogación Español
041 ## - CÓDIGO DE LENGUAJE
Código de idioma de texto / pista de sonido o título separado spa
082 ## - NÚMERO DE CLASIFICACIÓN DECIMAL DEWEY
Número de clasificación 155.4
Número de artículo H557q
100 ## - ENTRADA PRINCIPAL - NOMBRE PERSONAL
9 (RLIN) 48945
Nombre de la persona Hernández, Rosalba
245 ## - TÍTULO DECLARACIÓN
Título Lo que debes saber de la estimulacion temprana
Declaración de responsabilidad Rosalba Hernández
260 ## - PUBLICACIÓN, DISTRIBUCIÓN
Lugar de publicación Bogotá
Nombre del editor Grupo Editorial Norma
Fecha de publicación 2006
300 ## - DESCRIPCIÓN FÍSICA
Alcance 88 páginas;
Dimensiones 21 cm
650 #0 - ENTRADA DE SUJETO AÑADIDO - TÉRMINO TÓPICO
9 (RLIN) 14922
Término tópico o elemento de entrada del nombre geográfico Estimulacion Temprana
Subdivisión general Preguntas y Respuestas
650 #0 - ENTRADA DE SUJETO AÑADIDO - TÉRMINO TÓPICO
9 (RLIN) 11480
Término tópico o elemento de entrada del nombre geográfico Desarrollo Infantil
Subdivisión general Preguntas y respuestas
650 #0 - ENTRADA DE SUJETO AÑADIDO - TÉRMINO TÓPICO
9 (RLIN) 28679
Término tópico o elemento de entrada del nombre geográfico Psicologia Infantil
Subdivisión general Preguntas y respuestas
650 #0 - ENTRADA DE SUJETO AÑADIDO - TÉRMINO TÓPICO
9 (RLIN) 37903
Término tópico o elemento de entrada del nombre geográfico Aprendizaje Perceptivo-Motor
Subdivisión general Preguntas y respuestas
650 #0 - ENTRADA DE SUJETO AÑADIDO - TÉRMINO TÓPICO
9 (RLIN) 45851
Término tópico o elemento de entrada del nombre geográfico Desarrollo de la Inteligencia
Subdivisión general Preguntas y respuestas
700 ## - ENTRADA AGREGADA - NOMBRE PERSONAL
9 (RLIN) 49538
Nombre de la persona Martínez - Villalba, Adriana
Títulos y otras palabras asociadas a un nombre Editora
942 ## - ELEMENTOS DE ENTRADA AGREGADOS (KOHA)
Fuente de clasificación o esquema de estanterías Dewey Decimal Classification
Parte de clasificación 155.4 H557q
Prefijo del número de llamada 155.4
Sufijo del número de llamada H557q
Existencias
Estado de retirada Pérdida de estatus Fuente de clasificación o esquema de estanterías Estado dañado No para préstamo Código de recogida Ubicación permanente Ubicación actual Ubicación de las estanterías Fecha de adquisición Total de Cajas Número Topográfico Código de barras Precio efectivo desde Número de copia Fecha de la última vez que se vio Tipo de artículo Koha
    Dewey Decimal Classification     General Biblioteca Pública Departamental Comfamiliar Risaralda Biblioteca Pública Departamental Comfamiliar Risaralda Área General 20/09/2016   155.4 H557q 1000184 20/09/2016 Ej. 1 14/12/2018 Libro
    Dewey Decimal Classification     General Biblioteca Pública Departamental Comfamiliar Risaralda Biblioteca Pública Departamental Comfamiliar Risaralda Área General 20/09/2016   155.4 H557q 1000185 20/09/2016 Ej. 2 14/12/2018 Libro
    Dewey Decimal Classification     General Biblioteca Pública Departamental Comfamiliar Risaralda Biblioteca Pública Departamental Comfamiliar Risaralda Área General 10/11/2016   155.4 H557q 1000565 10/11/2016 Ej. 3 10/11/2016 Libro